00965cam a2200265 i 45000010005000000030008000050050017000130080041000300200015000710350019000860400032001050410008001370820022001451000018001672450087001852600071002723000033003434900036003765000020004125040030004326500023004627000035004858560089005208560090006099492BD-RjUL20211208234804.0140121s1976 enka b 001 0 eng  a0521207878 a(BD-RjUL) 9537 aDLCcDLCdDLCdBD-RjULbeng aeng00a539.721bGIS 19761 aGibson, W. M.10aSymmetry principles in elementary particle physics /cW. M. Gibson, B. R. Pollard. aCambridge [Eng.] ;aNew York :bCambridge University Press,c1976. axi, 386 p. :bill. ;c23 cm.0 aCambridge monographs on physics aIncludes index. aBibliography: p. 367-372. 0aSymmetry (Physics)1 aPollard, B. R.,ejoint author.423Publisher descriptionuhttp://www.loc.gov/catdir/enhancements/fy1011/74031796-d.html413Table of contents onlyuhttp://www.loc.gov/catdir/enhancements/fy1011/74031796-t.html